| Tag |
First Indicator |
Second Indicator |
Subfields |
| LEADER |
00000cam a2200000 4500 |
| 001 |
in00000067213 |
| 005 |
20151008051912.0 |
| 008 |
711223s1964 cau b 00000 eng u |
| 010 |
|
|
|a 64012070
|
| 035 |
|
|
|a (OCoLC)00187181
|
| 035 |
|
|
|9 AAH0633AM
|
| 040 |
|
|
|c WSU
|d TXA
|d UtOrBLW
|
| 049 |
|
|
|a TXAM
|c [401745]
|
| 050 |
|
0 |
|a LB3013
|b .B3 1964
|
| 092 |
|
|
|a 373
|b B255b, 1964
|
| 100 |
1 |
|
|a Barker, Roger G.
|q (Roger Garlock),
|d 1903-1990.
|
| 245 |
1 |
0 |
|a Big school, small school; high school size and student behavior /
|c by Roger G. Barker and Paul V. Gump, in collaboration with Louise Shedd Barker [and others].
|
| 264 |
|
1 |
|a Stanford, Calif. :
|b Stanford University Press,
|c 1964.
|
| 300 |
|
|
|a 250 pages
|
| 336 |
|
|
|a text
|b txt
|2 rdacontent
|
| 337 |
|
|
|a unmediated
|b n
|2 rdamedia
|
| 338 |
|
|
|a volume
|b nc
|2 rdacarrier
|
| 504 |
|
|
|a Bibliography: pages [243]-245.
|
| 650 |
|
0 |
|a School size.
|
| 700 |
1 |
|
|a Gump, Paul V.
|
| 999 |
|
|
|a MARS
|
| 999 |
f |
f |
|s aa3244fa-8e84-3c29-b286-e9b0421bfb21
|i 088899c9-c303-3031-a903-ae04ab2ff405
|t 0
|
| 952 |
f |
f |
|p normal
|a Texas A&M University
|b College Station
|c Sterling C. Evans Library
|d Evans: Library Stacks
|t 0
|e LB3013 .B3 1964
|h Library of Congress classification
|i unmediated -- volume
|m A14800853832
|
| 998 |
f |
f |
|a LB3013 .B3 1964
|t 0
|l Evans: Library Stacks
|